000 00572cab a2200193 4500
001 WB3116-56
008 090401t1995 xxu||||| |||| 00| 0 eng d
035 _a(Sirsi) u57605
041 _aeng
245 _aTurning back the clockwork
260 _c1995
350 _a0
490 _aGuardian
_v19 April 1995, 9(1)
520 _aReview of the Thamesmead estate in South London ten years after it was projected to become one of the first real tests of privatisation policies.
650 _aTHAMESMEAD TOWN
690 _aHOUSING
942 _n0
948 _c04/03/1997
999 _c35143
_d35143